Conformal representation /
Guardado en:
| Autor Principal: | |
|---|---|
| Formato: | Libro |
| Idioma: | English |
| Publicado: |
Cambridge :
The University Press,
1958.
|
| Edición: | 2nd ed. |
| Series: | Cambridge tracts in mathematics and mathematical physics ;
no. 28 |
| Etiquetas: |
Agregar Etiqueta
Sin Etiquetas, Sea el primero en etiquetar este registro!
|
| LEADER | 00611nam a22001815a 4500 | ||
|---|---|---|---|
| 001 | MAT.inmabb000598 | ||
| 008 | 031118r19581952enk###########001#0#eng#d | ||
| 005 | 20170801165716.0 | ||
| 245 | 1 | 0 | |a Conformal representation / |c by C. Carathéodory. |
| 250 | |a 2nd ed. | ||
| 260 | |a Cambridge : |b The University Press, |c 1958. | ||
| 300 | |a ix, 115 p. | ||
| 440 | 0 | |a Cambridge tracts in mathematics and mathematical physics ; |v no. 28 | |
| 500 | |a Reprinted from the 1952 edition. | ||
| 510 | 4 | |a MR, |c MR0046435 | |
| 100 | 1 | |a Carathéodory, Constantin, |d 1873-1950. | |
| 084 | |a 30-XX |2 msc2000 | ||
| 859 | |h 30 |i C262-2 |p A-394 |b BIB. MATEMATICA | ||
